| 000 | 00673nam a2200241 a 4500 | ||
|---|---|---|---|
| 003 | MX-MxUPN | ||
| 005 | 20240614063746.0 | ||
| 008 | 220401s1994 mx a||||r|||| 000 0 eng d | ||
| 020 | _a9706290729 | ||
| 040 |
_aMX-MxUPN _bspa _cMX-MxUPN |
||
| 041 | 0 | _aeng | |
| 049 | _LT | ||
| 050 | 4 |
_aLB1631 M6.2 _bH3.4 1994 |
|
| 100 | 1 |
_aHerrera, Mario _944221 |
|
| 245 | 1 | 0 |
_aHands on English 2 / _cMario Herrera. |
| 250 | _a2a ed. | ||
| 260 |
_aMéxico, D.F. : _bSITESA, _c1994. |
||
| 300 |
_a208 p. : _bil. |
||
| 650 | 4 |
_aInglés _xEstudio y enseñanza (Elemental) _95087 |
|
| 650 | 4 |
_aInglés _vLibros de texto para extranjeros _99168 |
|
| 905 | _aLibro | ||
| 942 |
_2lcc _cLIBRO |
||
| 999 |
_c208357 _d208357 |
||